00413nam a2200157Ia 450000100060000000800410000602000050004704000130005208200180006510000220008324500660010526000400017130000110021154600070022270000260022965424150403s9999 xx 000 0 und d a cPK-LaUMT a 158.1bCOV-A aCovey, Stephen R. aAathven aadat (Urdu)cCovey, Stephen R.|Tahir Mansoor Farooqi aLahore,Pakistan:bTakhleqaat,c2005 a480 p. aUR aTahir Mansoor Farooqi